Studies in post-mediaeval archaeology. 2, Material culture from the end of the 15th century and its reflection in archaeological, written and iconographic sources = Hmotná kultura od konce 15. století a její odraz v archeologických, písemných a ikonografických pramenech = Die materielle Kultur seit dem Ende des 15. Jahrhunderts und ihr Abbild in den archäologischen, schriftlichen und ikonographischen Quellen /

Další autoři: Žegklitz, Jaromír, 1959-, Forum archaeologiae post-mediaevalis (konference)
Jazyk: Angličtina
Čeština
Vydáno: Prague : Archaia, 2007
Vydání: 1st ed.
Témata:
Fyzický popis: 410 s. : il. (některé barev.), plány ; 30 cm
Language note: Část. český text, německá, česká a anglická resumé
Knihy
Uloženo v:
LEADER 02855nam a2200553 a 4500
001 000341419
003 CZ BrMZK
005 20200312131219.0
007 ta
008 980105s2007 xr ae f 000 0 eng
020 |q (Brož.) 
040 |a BOA001  |b cze 
041 0 |a eng  |a cze  |b cze  |b eng  |b ger 
043 |a e-xr--- 
045 |a s-s- 
072 7 |a 902  |x Archeologie  |2 Konspekt  |9 8 
080 |a 902"04/14"  |2 MRF 
080 |a 904  |2 MRF 
080 |a 902.2  |2 MRF 
080 |a 902:904  |2 MRF 
080 |a (437.3)  |2 MRF 
080 |a (048.8)  |2 MRF 
080 |a (062.552)  |2 MRF 
245 0 0 |a Studies in post-mediaeval archaeology.  |n 2,  |p Material culture from the end of the 15th century and its reflection in archaeological, written and iconographic sources = Hmotná kultura od konce 15. století a její odraz v archeologických, písemných a ikonografických pramenech = Die materielle Kultur seit dem Ende des 15. Jahrhunderts und ihr Abbild in den archäologischen, schriftlichen und ikonographischen Quellen /  |c [edited by Jaromír Žegklitz] 
246 3 |a Postmedievální archeologie 
246 3 0 |a Material culture from the end of the 15th century and its reflection in archaeological, written and iconographic sources 
246 3 0 |a Hmotná kultura od konce 15. století a její odraz v archeologických, písemných a ikonografických pramenech 
246 3 0 |a Materielle Kultur seit dem Ende des 15. Jahrhunderts und ihr Abbild in den archäologischen, schriftlichen und ikonographischen Quellen 
250 |a 1st ed. 
260 |a Prague :  |b Archaia,  |c 2007 
300 |a 410 s. :  |b il. (některé barev.), plány ;  |c 30 cm 
500 |a "The published papers were delivered at the conference Forum Archaeologiae Post-Mediaevalis organized by Archaia Praha in cooperation with the National Technical Museum on March 21-22, 2006 in Prague"--Rub tit. s. 
504 |a Obsahuje bibliografie 
546 |a Část. český text, německá, česká a anglická resumé 
648 7 |a 15. století  |7 ch460553 
650 0 7 |a archeologie středověku  |z Česko  |y 15. století  |7 ph118579  |2 czenas 
650 0 7 |a hmotná kultura  |z Česko  |y 15. století  |7 ph122679  |2 czenas 
650 0 7 |a archeologické výzkumy  |z Česko  |7 ph118577  |2 czenas 
650 0 7 |a archeologické nálezy  |z Česko  |7 ph137683  |2 czenas 
650 0 7 |a archeologické památky  |z Česko  |7 ph118576  |2 czenas 
653 0 |a postmedievální archeologie 
655 7 |a studie  |7 fd133597  |2 czenas 
655 7 |a sborníky  |7 fd163935  |2 czenas 
700 1 |a Žegklitz, Jaromír,  |d 1959-  |7 jn20020717322  |4 edt 
711 2 |a Forum archaeologiae post-mediaevalis (konference)  |d (2006 :  |c Praha, Česko)  |7 kn20080116038 
910 |a BOA001  |b 4-0960.301,2 
990 |a BK 
991 |b 200801  |c NOV 
996 6 |b 2610327969  |c 4-0960.301,2  |v 2  |l MZK  |r Sklad / do 1 hodiny  |n 9  |p p.v.  |w 000341419  |u 000020  |a 1  |e BOA001  |j MZK50  |s P